00526nam a22001457a 4500020001600000040000900016082001800025100003100043245005700074260004700131650006400178942001200242999001900254952010700273 a04711280066 cNust a572.8633bAUT aTony G beugelsdijk9125261 aAutomation technologies for Genome Characterization  aNew York:bJohn Wiley and sons Inc,c1997. aAutomation technologies for Genome Characterization9125262 2ddccBK c611025d611025 00102ddc4070aCEMEbCEMEcGENd2024-08-21l0o572.8633 AUTpCEME- 35042r2024-08-21w2024-08-21yBK